New orders in the construction industry (Record no. 82512)
[ view plain ]
| 000 -LEADER | |
|---|---|
| fixed length control field | 01366cad a22002175a 4500 |
| 001 - CONTROL NUMBER | |
| control field | E150439 |
| 008 - FIXED-LENGTH DATA ELEMENTS--GENERAL INFORMATION | |
| fixed length control field | 100714e20100211xxkd f s f000 0 eng d |
| 035 ## - SYSTEM CONTROL NUMBER | |
| System control number | (Sirsi) u150439 |
| 041 0# - LANGUAGE CODE | |
| Language code of text/sound track or separate title | eng |
| 110 1# - MAIN ENTRY--CORPORATE NAME | |
| Corporate name or jurisdiction name as entry element | United Kingdom |
| Subordinate unit | Office of National Statistics |
| 9 (RLIN) | 2035 |
| 245 00 - TITLE STATEMENT | |
| Title | New orders in the construction industry |
| Remainder of title | December 2009 |
| Medium | [electronic resource] |
| 260 ## - PUBLICATION, DISTRIBUTION, ETC. | |
| Date of publication, distribution, etc. | 2010 |
| 490 ## - SERIES STATEMENT | |
| Series statement | ONS Press Release |
| Volume/sequential designation | 11 February 2010 |
| 520 ## - SUMMARY, ETC. | |
| Summary, etc. | Reports on the orders for new constructions in Great Britain for December 2009. In the three months leading to December 2008, levels of construction orders were unchanged compared with the previous quarter. Orders rose by 5% in the fourth quarter of 2009 compared to the fourth quarter of 2008. Orders in 2008 fell 13% compared to the amount of orders in 2008. Orders in the private housing sector rose by 20% in the quarter leading to December 2009 compared with the same period in 2008. Housing association orders rose by 38% in the quarter leading to December 2009 compared with the same period in 2008. |
| 590 ## - LOCAL NOTE (RLIN) | |
| Local note | KA |
| 650 24 - SUBJECT ADDED ENTRY--TOPICAL TERM | |
| Topical term or geographic name entry element | ONS NEW CONSTRUCTION ORDERS |
| 651 #4 - SUBJECT ADDED ENTRY--GEOGRAPHIC NAME | |
| Geographic name | Great Britain |
| Chronological subdivision | 1707- |
| 690 ## - LOCAL SUBJECT ADDED ENTRY--TOPICAL TERM (OCLC, RLIN) | |
| Topical term or geographic name as entry element | BUILT ENVIRONMENT-CONSTRUCTION MARKET |
| 856 40 - ELECTRONIC LOCATION AND ACCESS | |
| Uniform Resource Identifier | <a href="https://www.ons.gov.uk/ons/publications/re-reference-tables.html?edition=tcm%3A77-171486">https://www.ons.gov.uk/ons/publications/re-reference-tables.html?edition=tcm%3A77-171486</a> |
| Public note | View the item free of charge at www.ons.gov.uk... |
| 942 ## - ADDED ENTRY ELEMENTS (KOHA) | |
| Suppress in OPAC | 0 |
| Withdrawn status | Lost status | Source of classification or shelving scheme | Damaged status | Not for loan | Home library | Current library | Shelving location | Date acquired | Total Checkouts | Full call number | Barcode | Date last seen | Copy number | Price effective from | Koha item type |
|---|---|---|---|---|---|---|---|---|---|---|---|---|---|---|---|
| Dewey Decimal Classification | Virtual | Virtual | Online | 14/07/2010 | ONLINE PUBLICATION | 150439-2001 | 06/08/2019 | 1 | 06/08/2019 | Journal article |